[Event "TCh-CRO Gp1B"]
[Site "Sibenik CRO"]
[Date "2010.09.06"]
[Round "3"]
[White "Brnas,A"]
[Black "Paljusaj,E"]
[Result "1/2-1/2"]
[WhiteElo "2281"]
[BlackElo "2309"]
[EventDate "2010.09.04"]

1. e4 c5 2. Nf3 Nc6 3. Bb5 g6 4. O-O Bg7 5. Bxc6 dxc6 6. d3 Nf6 7. Nbd2 Bg4
8. a4 Nd7 9. h3 Bxf3 10. Qxf3 O-O 11. Qe2 e5 1/2-1/2

[Event "TCh-CRO Gp1B"]
[Site "Sibenik CRO"]
[Date "2010.09.06"]
[Round "3"]
[White "Biliskov,V"]
[Black "Markotic,G"]
[Result "1-0"]
[WhiteElo "2296"]
[BlackElo "2279"]
[EventDate "2010.09.04"]

1. d4 Nf6 2. Nf3 d6 3. c4 Bg4 4. Nc3 Bxf3 5. exf3 c6 6. d5 g6 7. Be2 Bg7 8.
O-O O-O 9. Be3 a6 10. f4 cxd5 11. cxd5 Nbd7 12. Bd4 b5 13. a3 Bh6 14. g3
Rc8 15. Bf3 Nb6 16. h3 Nfd7 17. h4 Nc5 18. h5 Bg7 19. hxg6 hxg6 20. Bxg7
Kxg7 21. Qd4+ f6 22. Rab1 Qd7 23. Rfe1 Rc7 24. Re3 Rb8 25. Qd1 Qc8 26. Ne2
a5 27. Nd4 b4 28. axb4 axb4 29. Nc6 Rxc6 30. dxc6 Qc7 31. Qc2 Ra8 32. Rbe1
1-0

[Event "TCh-CRO Gp1B"]
[Site "Sibenik CRO"]
[Date "2010.09.06"]
[Round "3"]
[White "Chatalbashev,B"]
[Black "Georgiev,Ki"]
[Result "0-1"]
[WhiteElo "2606"]
[BlackElo "2685"]
[EventDate "2010.09.04"]

1. d4 Nf6 2. c4 e6 3. Nc3 Bb4 4. Nf3 d6 5. Qb3 c5 6. Bg5 h6 7. Bh4 Nc6 8.
O-O-O g5 9. Bg3 Bxc3 10. Qxc3 Ne4 11. Qe3 f5 12. dxc5 Qa5 13. Kb1 e5 14.
cxd6 Be6 15. d7+ Ke7 16. Nh4 Rhg8 17. f3 Qc5 18. Qxc5+ Nxc5 19. e4 gxh4 20.
Bxh4+ Kf7 21. b4 Nxd7 22. exf5 Bxf5+ 23. Bd3 Bxd3+ 24. Rxd3 Nb6 25. b5 Nd4
26. f4 Nf5 27. c5 e4 28. Rh3 Nd5 0-1

[Event "TCh-CRO Gp1B"]
[Site "Sibenik CRO"]
[Date "2010.09.06"]
[Round "3"]
[White "Tratar,M"]
[Black "Georgiev,Vl"]
[Result "1-0"]
[WhiteElo "2475"]
[BlackElo "2573"]
[EventDate "2010.09.04"]

1. d4 Nf6 2. Nf3 d5 3. c4 c6 4. e3 Bf5 5. Nc3 e6 6. Nh4 Be4 7. f3 Bg6 8.
Qb3 Qc7 9. Bd2 Be7 10. g3 dxc4 11. Bxc4 a6 12. a4 Nbd7 13. e4 O-O 14. Nxg6
hxg6 15. e5 Nd5 16. a5 b5 17. axb6 N7xb6 18. O-O Nxc4 19. Qxc4 Nb6 20. Qe2
c5 21. Be3 Rfd8 22. dxc5 Bxc5 23. Bxc5 Qxc5+ 24. Qf2 Qb4 25. f4 a5 26. Rfd1
a4 27. Rxd8+ Rxd8 28. Rd1 Rxd1+ 29. Nxd1 Nd5 30. Qe2 Qd4+ 31. Kf1 Kh7 32.
h4 Kg8 33. Qc2 Ne7 34. Kg2 Nf5 35. Kh2 Qd5 36. Nc3 Qc5 37. Qe2 Qb4 38. Ne4
Nd4 39. Qg2 Qa5 40. Nd6 Nf5 41. Qc2 Ne7 42. Ne4 Qb5 43. Nc3 Qc5 44. Qg2 Qa7
45. Qc2 Nf5 46. Ne4 Qa8 47. Ng5 Ne3 48. Qe2 Qa7 49. Kh3 Nf5 50. Qb5 Qa8 51.
Kh2 Ne3 52. Qe2 Nd5 53. h5 gxh5 54. Qxh5 Qb7 55. Qh7+ Kf8 56. Qh8+ Ke7 57.
Qxg7 Qxb2+ 58. Kh3 a3 59. Qxf7+ Kd8 60. Nxe6+ Kc8 61. Qe8+ Kb7 62. Nc5+ Kc7
63. Qd7+ Kb8 64. Na6+ Ka8 65. Qxd5+ Ka7 66. Nc5 a2 67. Nb3 Kb6 68. Kg4 1-0

[Event "TCh-CRO Gp1B"]
[Site "Sibenik CRO"]
[Date "2010.09.06"]
[Round "3"]
[White "Mrdja,M"]
[Black "Dimitrijevic,Da"]
[Result "1-0"]
[WhiteElo "2393"]
[BlackElo "2262"]
[EventDate "2010.09.04"]

1. e4 c5 2. Nf3 e6 3. Nc3 a6 4. d4 cxd4 5. Nxd4 Qc7 6. g3 Nf6 7. Bg2 Bb4 8.
Nde2 d6 9. O-O O-O 10. h3 Nbd7 11. a3 Bc5 12. Nf4 Ne5 13. g4 b5 14. g5 Nfd7
15. Kh1 Bb7 16. Nd3 Ba7 17. f4 Nxd3 18. cxd3 e5 19. Bd2 exf4 20. Bxf4 Ne5
21. Qd2 Rac8 22. Rac1 Qe7 23. Rce1 Rfe8 24. Kh2 Qe6 25. Nd5 Qg6 26. Ne3 d5
27. Nxd5 Bxd5 28. exd5 Nxd3 29. Rxe8+ Rxe8 30. Bg3 Bb8 31. Rf3 Bxg3+ 32.
Rxg3 Ne5 33. Qb4 Nc4 34. b3 Nd6 35. Qf4 Rf8 36. Rc3 Rc8 37. Rc6 Rd8 38.
Rxa6 h6 39. gxh6 gxh6 40. Qh4 Qg5 41. Qg3 Kf8 42. a4 bxa4 43. bxa4 Ke7 44.
Ra7+ Kf6 45. a5 Qxg3+ 46. Kxg3 Rg8+ 47. Kh2 Rb8 48. Rd7 Ke5 49. Re7+ Kd4
50. Re2 Ra8 51. Ra2 h5 52. Kg3 Ne4+ 53. Kf4 1-0

[Event "TCh-CRO Gp1B"]
[Site "Sibenik CRO"]
[Date "2010.09.06"]
[Round "3"]
[White "Franic,M"]
[Black "Jukic,Zd"]
[Result "1-0"]
[WhiteElo "2382"]
[BlackElo "2299"]
[EventDate "2010.09.04"]

1. d4 Nf6 2. c4 e6 3. Nf3 d5 4. Nc3 c6 5. Bg5 Nbd7 6. e3 h6 7. Bh4 g5 8.
Bg3 Qa5 9. Nd2 Bb4 10. Qc2 O-O 11. h4 g4 12. Be2 Re8 13. O-O e5 14. cxd5
exd4 15. Nb3 Qd8 16. dxc6 dxc3 17. bxc3 bxc6 18. cxb4 Qb6 19. Nd4 Qxb4 20.
Nxc6 Qc5 21. Qxc5 Nxc5 22. Rac1 Nce4 23. Bf4 h5 24. f3 gxf3 25. gxf3 1-0

[Event "TCh-CRO Gp1B"]
[Site "Sibenik CRO"]
[Date "2010.09.06"]
[Round "3"]
[White "Antunovic,I"]
[Black "Zovko,Mari"]
[Result "0-1"]
[WhiteElo "2153"]
[BlackElo "2213"]
[EventDate "2010.09.04"]

1. Nf3 d5 2. g3 c5 3. Bg2 Nc6 4. O-O e6 5. d3 Bd6 6. e4 Nge7 7. Nc3 O-O 8.
Re1 d4 9. Ne2 e5 10. Rf1 Ng6 11. Nd2 Be6 12. Nc4 Bc7 13. a4 f5 14. exf5
Bxf5 15. Nd2 Qd7 16. Ne4 b6 17. Kh1 Rae8 18. Ng1 Bg4 19. Qd2 a5 20. h3 Be6
21. Kh2 Nb4 22. Qe2 Bd8 23. Bg5 h6 24. Bxd8 Qxd8 25. Rae1 Qd7 26. b3 Nd5
27. Qd2 Bf5 28. Qe2 Re7 29. Bf3 Kh7 30. Bg4 Ref7 31. Bxf5 Rxf5 32. Ra1 Qf7
33. f3 Qd7 34. g4 R5f7 35. Ng3 Ne3 36. Rf2 Nf4 37. Qd2 Qe7 38. Nf1 Nfd5 39.
Re1 Qg5 40. Kh1 Qh4 41. Nxe3 dxe3 42. Rxe3 Nxe3 43. Qxe3 Qg3 44. Rg2 Qf4
45. Re2 Qxe3 46. Rxe3 Re8 47. Kg2 Rd7 48. Ne2 Kg8 49. Nc3 Kf7 50. Ne4 Ree7
51. Nd2 Re6 52. Nc4 Kf6 53. Nd2 Ke7 54. Ne4 Kd8 55. Nd2 Rde7 56. Re1 Kc7
57. Nc4 Kc6 58. Na3 g6 59. Re4 Re8 60. Nb5 Rf6 61. Re3 h5 62. Nc3 hxg4 63.
hxg4 Rf7 64. Ne4 Rfe7 65. Re1 Rh8 66. Ng5 Kd5 67. Re4 Rb8 68. Kg3 Kc6 69.
Kg2 b5 70. axb5+ Kxb5 71. f4 Rbe8 72. fxe5 Rxe5 73. Rxe5 Rxe5 74. Ne4 Kb4
75. Kf3 g5 76. Ke3 Re7 77. d4 c4 78. d5 cxb3 79. cxb3 Kxb3 80. d6 Re8 81.
Kd4 a4 82. Nc5+ Kb4 83. Nd3+ Kb5 84. Kd5 a3 85. Nc1 Re1 86. Na2 Rd1+ 87.
Ke6 Kc6 88. Nb4+ Kc5 89. Na6+ Kc4 0-1

[Event "TCh-CRO Gp1B"]
[Site "Sibenik CRO"]
[Date "2010.09.06"]
[Round "3"]
[White "Berczes,D"]
[Black "Sale,S"]
[Result "1/2-1/2"]
[WhiteElo "2520"]
[BlackElo "2400"]
[EventDate "2010.09.04"]

1. d4 Nf6 2. c4 c5 3. d5 g6 4. Nc3 Bg7 5. e4 d6 6. Nf3 O-O 7. Bd3 e6 8. O-O
Na6 9. h3 Nc7 10. Bg5 h6 11. Be3 exd5 12. cxd5 b5 13. Qd2 b4 14. Ne2 Re8
15. Ng3 Kh7 16. Qc2 Rb8 17. Nd2 Nd7 18. Nc4 Ba6 19. Rae1 Bxc4 20. Bxc4 Qh4
21. Bd3 Ne5 22. Be2 Nb5 23. Qd2 Nd4 24. Bxd4 cxd4 25. Rc1 Re7 26. Kh1 Nd7
27. Bd3 Nc5 28. Bb1 a5 29. Kh2 Rbe8 30. f4 Nd7 31. Rc6 Nf6 32. Rf3 Ng4+ 33.
Kg1 Ne3 34. Bd3 Rd8 35. Nf1 h5 1/2-1/2

[Event "TCh-CRO Gp1B"]
[Site "Sibenik CRO"]
[Date "2010.09.06"]
[Round "3"]
[White "Bilobrk,F"]
[Black "Brulic,D"]
[Result "1-0"]
[WhiteElo "2368"]
[BlackElo "2331"]
[EventDate "2010.09.04"]

1. d4 Nf6 2. Nf3 e6 3. g3 b5 4. Bg2 Bb7 5. Bg5 c5 6. c3 cxd4 7. cxd4 Be7 8.
O-O O-O 9. a4 b4 10. Nbd2 Na6 11. Re1 Rc8 12. e4 d5 13. e5 Ne4 14. Bxe7
Qxe7 15. h4 f5 16. exf6 gxf6 17. Nh2 f5 18. Ndf3 Nb8 19. Ne5 Nd7 20. Nxd7
Qxd7 21. Nf3 Qc7 22. Rc1 Qxc1 23. Qxc1 Rxc1 24. Rxc1 Rc8 25. Rxc8+ Bxc8 26.
Ne5 Nd2 27. a5 Nc4 28. Nc6 Bd7 29. Nxb4 Nxa5 30. Nd3 Nc6 31. Ne5 Nxe5 32.
dxe5 Kf7 33. f3 Bb5 34. Kf2 d4 35. Bf1 Bxf1 36. Kxf1 Kg6 37. Ke2 f4 38. g4
h5 39. g5 Kf5 40. Kd3 Kxe5 41. Kc4 a5 42. b3 Kf5 43. Kxd4 e5+ 44. Kd5 e4
45. fxe4+ Kg4 46. g6 f3 47. g7 f2 48. g8=Q 1-0

[Event "TCh-CRO Gp1B"]
[Site "Sibenik CRO"]
[Date "2010.09.06"]
[Round "3"]
[White "Susak,Z"]
[Black "Zelic,Ml"]
[Result "1/2-1/2"]
[WhiteElo "2214"]
[BlackElo "2291"]
[EventDate "2010.09.04"]

1. e4 e5 2. Bc4 Nf6 3. d3 Nc6 4. Nf3 Be7 5. O-O O-O 6. Re1 d6 7. a4 Nd4 8.
Nxd4 exd4 9. c3 dxc3 10. Nxc3 Be6 11. Qb3 Bxc4 12. dxc4 b6 13. a5 Nd7 14.
axb6 axb6 15. Rxa8 Qxa8 16. Nd5 Bd8 17. Qg3 Re8 18. Bh6 g6 19. Qc3 f6 20.
f3 c6 21. Ne3 Ne5 22. Bf4 Qa6 23. Rd1 Be7 24. Qb3 Kg7 25. h4 Ra8 26. h5 Qa4
27. Qc3 Kf7 28. b3 Qa5 29. Qc2 Qa2 30. hxg6+ hxg6 31. Rd2 Qxc2 32. Nxc2 Ra2
33. Nd4 Ra1+ 34. Kf2 Rb1 35. Bxe5 dxe5 36. Nxc6 Bc5+ 37. Ke2 Rxb3 38. Rd3
Rb2+ 39. Rd2 Rb3 40. Rd3 Rb1 41. Rd1 1/2-1/2

[Event "TCh-CRO Gp1B"]
[Site "Sibenik CRO"]
[Date "2010.09.06"]
[Round "3"]
[White "Gradiser,D"]
[Black "Vlaic,B"]
[Result "0-1"]
[WhiteElo "1966"]
[BlackElo "2288"]
[EventDate "2010.09.04"]

1. e4 b6 2. d4 Bb7 3. Bd3 Nf6 4. Qe2 e6 5. Bg5 Be7 6. Nd2 c5 7. c3 Nc6 8.
Ngf3 cxd4 9. cxd4 Nb4 10. Bb1 Ba6 11. Qe3 Rc8 12. Nb3 Rc2 13. Nfd2 Qc8 14.
Kd1 Ng4 15. Qf4 Bxg5 16. Qxg4 Bxd2 0-1

[Event "TCh-CRO Gp1B"]
[Site "Sibenik CRO"]
[Date "2010.09.06"]
[Round "3"]
[White "Tomljanovic,G"]
[Black "Malenica,M"]
[Result "0-1"]
[WhiteElo "2121"]
[BlackElo "2225"]
[EventDate "2010.09.04"]

1. d4 Nf6 2. c4 g6 3. Nc3 Bg7 4. e4 d6 5. f4 O-O 6. Nf3 Na6 7. Bd3 c5 8. d5
e6 9. O-O exd5 10. exd5 Bg4 11. h3 Bxf3 12. Qxf3 Nb4 13. Bb1 Qe7 14. Bd2
Rae8 15. a3 Na6 16. Bd3 Nc7 17. g4 a6 18. Rab1 b5 19. b3 b4 20. axb4 cxb4
21. Ne2 a5 22. Nd4 Ne4 23. Nc6 Nxd2 24. Nxe7+ Rxe7 25. Qd1 Nxf1 26. Qxf1
Rfe8 27. Qg2 Na6 28. Bf1 Nc5 29. Qa2 Bd4+ 30. Kg2 a4 31. bxa4 b3 32. Qa3
Re3 33. Qb4 Rc3 34. Rd1 Rc2+ 35. Kh1 Bc3 36. Qb6 b2 0-1

[Event "TCh-CRO Gp1B"]
[Site "Sibenik CRO"]
[Date "2010.09.07"]
[Round "4"]
[White "Gradiser,D"]
[Black "Srbis,J"]
[Result "0-1"]
[WhiteElo "1966"]
[BlackElo "2277"]
[EventDate "2010.09.04"]

1. e4 c5 2. Nf3 g6 3. d4 cxd4 4. Qxd4 Nf6 5. Nc3 Nc6 6. Qd1 Bg7 7. Be2 O-O
8. O-O d6 9. h3 a6 10. Be3 b5 11. a3 Bb7 12. Nh2 Na5 13. Bd3 Rc8 14. Qd2
Nc4 15. Bxc4 Rxc4 16. f3 Qc7 17. Rac1 Rc8 18. Rf2 Nd7 19. Nd1 Nc5 20. Bxc5
Qxc5 21. Kh1 d5 22. exd5 Rd4 23. Qe2 Rxd5 24. c3 h5 25. Qc2 Rcd8 26. Re2
Bh6 27. Rb1 Rd2 28. Rxd2 Rxd2 29. Qb3 Qg5 30. Ne3 Qxe3 31. Nf1 Qxf3 32.
gxf3 Bxf3+ 33. Kg1 Rg2+ 34. Kh1 Rg4+ 35. Kh2 Bf4+ 36. Ng3 Rxg3 37. Qb4 Rg2+
38. Kh1 Rxb2+ 39. Kg1 Be3+ 40. Kf1 Rh2 0-1

[Event "TCh-CRO Gp1B"]
[Site "Sibenik CRO"]
[Date "2010.09.07"]
[Round "4"]
[White "Tomljanovic,G"]
[Black "Vujec,I"]
[Result "0-1"]
[WhiteElo "2121"]
[BlackElo "2037"]
[EventDate "2010.09.04"]

1. d4 Nf6 2. c4 c5 3. d5 b5 4. cxb5 a6 5. bxa6 Bxa6 6. Nc3 d6 7. g3 Nbd7 8.
Bg2 g6 9. Nf3 Bg7 10. O-O Nb6 11. Re1 O-O 12. e4 Nfd7 13. Bf4 Nc4 14. Qc1
Qa5 15. Bd2 Rab8 16. Rb1 Bh8 17. Bf1 Nde5 18. Nxe5 Nxe5 19. Kg2 Bxf1+ 20.
Rxf1 Nc4 21. Be1 Qa6 22. Qc2 Qb7 23. Qe2 Ne5 24. f4 Nd7 25. g4 e6 26. Qd3
exd5 27. Nxd5 Rfe8 28. Bc3 c4 29. Qf3 Bxc3 30. Nxc3 Nc5 31. Rfe1 Re6 32.
Re2 Rbe8 33. Rbe1 Nd3 34. Rd1 f5 35. e5 Nxf4+ 36. Kg3 Qxf3+ 37. Kxf3 Nxe2
38. Nxe2 Rxe5 39. Nc3 Re3+ 40. Kf4 Rd3 41. Rf1 fxg4 42. Kxg4 h5+ 43. Kg5
Kg7 44. a4 Re5+ 45. Kh4 Kh6 46. Rf6 Ree3 0-1

[Event "TCh-CRO Gp1B"]
[Site "Sibenik CRO"]
[Date "2010.09.07"]
[Round "4"]
[White "Nikcevic,N"]
[Black "Berczes,D"]
[Result "0-1"]
[WhiteElo "2400"]
[BlackElo "2520"]
[EventDate "2010.09.04"]

1. d4 d5 2. c4 e6 3. Nf3 Nf6 4. Nc3 c6 5. e3 Nbd7 6. Qc2 Bd6 7. Bd3 O-O 8.
O-O dxc4 9. Bxc4 b5 10. Bd3 Bb7 11. Bd2 b4 12. Na4 c5 13. dxc5 Rc8 14. Bxb4
Bxf3 15. gxf3 Nd5 16. Qb3 Bc7 17. Bd2 Ne5 18. Rfd1 Qh4 19. Be4 Rb8 20. Qc2
f5 21. Bxd5 Qh3 22. f4 exd5 23. fxe5 Rf6 0-1

[Event "TCh-CRO Gp1B"]
[Site "Sibenik CRO"]
[Date "2010.09.07"]
[Round "4"]
[White "Brulic,D"]
[Black "Filipovic,Br"]
[Result "1/2-1/2"]
[WhiteElo "2331"]
[BlackElo "2390"]
[EventDate "2010.09.04"]

1. d4 b6 2. e4 Bb7 3. Bd3 e6 4. Nf3 c5 5. dxc5 Bxc5 6. Nc3 Nc6 7. O-O Qb8
8. Qe2 Nge7 9. e5 Ng6 10. Re1 Nd4 11. Nxd4 Bxd4 12. Bxg6 hxg6 13. Bf4 Bxc3
14. bxc3 Qc7 15. Qd3 Rh4 16. Qg3 Qc6 17. Bg5 Rh5 18. h4 Rc8 19. c4 Qxc4 20.
a4 Qc3 21. f3 Qd4+ 22. Kh2 Rxc2 23. a5 f6 24. Bxf6 Qd3 25. Re3 Qf5 26. Bg5
Bc6 27. axb6 axb6 28. Ra6 b5 29. Rb6 Kf7 30. Rb8 Rc4 31. Re1 Rcxh4+ 32.
Bxh4 g5 33. Kg1 gxh4 34. Qf2 Rg5 35. Rh8 Rh5 36. Rxh5 Qxh5 1/2-1/2

[Event "TCh-CRO Gp1B"]
[Site "Sibenik CRO"]
[Date "2010.09.07"]
[Round "4"]
[White "Viskic,P"]
[Black "Ivic,Mat"]
[Result "0-1"]
[WhiteElo "2211"]
[BlackElo "2272"]
[EventDate "2010.09.04"]

1. c4 Nf6 2. Nf3 g6 3. g3 Bg7 4. Bg2 O-O 5. O-O c5 6. d4 d6 7. Nc3 Nc6 8.
d5 Na5 9. Nd2 e5 10. a3 b6 11. b4 Nb7 12. Rb1 Ng4 13. h3 Nh6 14. Nde4 f6
15. bxc5 Nxc5 16. Nxc5 bxc5 17. Qa4 Nf7 18. Bd2 f5 19. f4 exf4 20. gxf4 Bd7
21. Qc2 g5 22. e3 Re8 23. Qd3 Qf6 24. Ne2 Rab8 25. Kh2 Qh6 26. Ng3 Qg6 27.
Bf3 g4 28. hxg4 Qh6+ 29. Kg2 fxg4 30. Be4 Qh3+ 31. Kf2 Rxb1 32. Qxb1 Qh2+
33. Bg2 Ng5 0-1

[Event "TCh-CRO Gp1B"]
[Site "Sibenik CRO"]
[Date "2010.09.07"]
[Round "4"]
[White "Katavic,B"]
[Black "Vlaic,B"]
[Result "1-0"]
[WhiteElo "2221"]
[BlackElo "2288"]
[EventDate "2010.09.04"]

1. e4 e6 2. d4 d5 3. e5 c5 4. c3 Nc6 5. Nf3 Qb6 6. a3 f6 7. exf6 Nxf6 8. b4
cxd4 9. cxd4 Bd6 10. Nc3 O-O 11. Be2 Bd7 12. O-O Ne7 13. Bd3 Nf5 14. h3 Kh8
15. Ne2 Rac8 16. Bg5 Bb5 17. Bf4 Ne4 18. Bxd6 Nfxd6 19. Ne5 Qa6 20. g3 Bxd3
21. Nxd3 b6 22. Nef4 Rf6 23. Qg4 Re8 24. Ne5 Nf5 25. Qh5 Rc8 26. Rfc1 Kg8
27. Qd1 g5 28. Nh5 Rff8 29. h4 gxh4 30. g4 Nfd6 31. f3 Nf6 32. Nxf6+ Rxf6
33. Qd2 Nf7 34. Nc6 Re8 35. Qe3 Qb7 36. Kg2 h6 37. Rc3 Ng5 38. Ne5 Qb8 39.
Qe1 Rf4 40. Qxh4 Rxd4 41. Re1 Ne4 42. Qh5 Rd2+ 43. Kg1 Re7 44. fxe4 Rg7 45.
Rh3 dxe4 46. Rf1 Rd3 47. Nxd3 exd3 48. Rxd3 b5 49. Rdf3 Qb6+ 50. Kg2 Qc6
51. Kh3 Qe4 52. Rf8+ Kh7 53. R8f6 Qe3+ 54. R1f3 Qc1 55. Qe5 Qh1+ 56. Qh2
Qe1 57. Rxh6+ Kg8 1-0

[Event "TCh-CRO Gp1B"]
[Site "Sibenik CRO"]
[Date "2010.09.07"]
[Round "4"]
[White "Malenica,M"]
[Black "Curic,D"]
[Result "1/2-1/2"]
[WhiteElo "2225"]
[BlackElo "2245"]
[EventDate "2010.09.04"]

1. d4 Nf6 2. c4 g6 3. Nc3 Bg7 4. Nf3 O-O 5. g3 d5 6. cxd5 Nxd5 7. Bg2 c6 8.
O-O Bf5 9. Qb3 Nb6 10. Bf4 Na6 11. Rad1 Be6 12. Qc2 Nb4 13. Qb1 Qc8 14. Ng5
Bg4 15. h3 Bd7 16. Kh2 Rd8 17. e4 h6 18. Nf3 Be6 19. a3 Na6 20. b4 Nc7 21.
Rfe1 Nc4 22. a4 a6 23. a5 Nb5 24. Nxb5 axb5 25. d5 Bd7 26. Nd4 e5 27. dxe6
Bxe6 28. Nxe6 Qxe6 29. Rxd8+ Rxd8 30. Rd1 Rxd1 31. Qxd1 Qe7 32. Qg4 Kh7 33.
Qc8 Bd4 34. e5 Bxe5 35. Bxe5 Nxe5 36. f4 Nd3 37. h4 h5 38. f5 Kg7 39. f6+
Kxf6 40. Qh8+ Ke6 41. Qc8+ Kf6 1/2-1/2

[Event "TCh-CRO Gp1B"]
[Site "Sibenik CRO"]
[Date "2010.09.07"]
[Round "4"]
[White "Georgiev,Ki"]
[Black "Ljubicic,F"]
[Result "1-0"]
[WhiteElo "2685"]
[BlackElo "2380"]
[EventDate "2010.09.04"]

1. d4 d5 2. c4 e6 3. Nf3 Nf6 4. g3 Be7 5. Bg2 O-O 6. O-O c6 7. Nc3 Nbd7 8.
Qd3 b6 9. e4 Ba6 10. b3 dxc4 11. bxc4 e5 12. dxe5 Ng4 13. Bf4 g5 14. Rad1
gxf4 15. Qxd7 Qxd7 16. Rxd7 Bb4 17. Rc1 fxg3 18. hxg3 Rfd8 19. Rxd8+ Rxd8
20. Bf1 Bc5 21. Rc2 Re8 22. Na4 Nxe5 23. Nxe5 Rxe5 24. Nxc5 Rxc5 25. a3 Kf8
26. f4 Ke7 27. Kf2 Ra5 28. Rc3 f6 29. Be2 Kd6 30. g4 Kc5 31. Rh3 Kd4 32. e5
fxe5 33. f5 Bxc4 34. Bxc4 Kxc4 35. f6 Rd5 36. Rxh7 Rd4 37. g5 Rf4+ 38. Ke3
Kd5 39. f7 Ke6 40. g6 Ke7 41. Rh8 Rxf7 42. Rh7 1-0

[Event "TCh-CRO Gp1B"]
[Site "Sibenik CRO"]
[Date "2010.09.07"]
[Round "4"]
[White "Sale,S"]
[Black "Tratar,M"]
[Result "0-1"]
[WhiteElo "2400"]
[BlackElo "2475"]
[EventDate "2010.09.04"]

1. e4 e6 2. d3 d5 3. Nd2 c5 4. Ngf3 Nc6 5. g3 Bd6 6. Bg2 Nge7 7. O-O O-O 8.
Nh4 b5 9. f4 c4 10. Kh1 Rb8 11. f5 exf5 12. exd5 Ne5 13. a4 cxd3 14. axb5
dxc2 15. Qxc2 Bd7 16. Rd1 Rc8 17. Qb3 Ng4 18. Rf1 Qb6 19. h3 Nf2+ 20. Kh2
f4 21. Ne4 Nxe4 22. Bxe4 fxg3+ 23. Kg2 Bxb5 24. Rf3 Be2 25. Rxg3 Bxg3 26.
Qxg3 Rc4 27. Qe5 Ng6 28. Bxg6 fxg6 29. Qxe2 Rxh4 30. Bg5 Rb4 0-1

[Event "TCh-CRO Gp1B"]
[Site "Sibenik CRO"]
[Date "2010.09.07"]
[Round "4"]
[White "Dimitrijevic,Da"]
[Black "Bilobrk,F"]
[Result "0-1"]
[WhiteElo "2262"]
[BlackElo "2368"]
[EventDate "2010.09.04"]

1. c4 Nf6 2. Nc3 e6 3. Nf3 d5 4. d4 c6 5. cxd5 exd5 6. Qc2 g6 7. Bg5 Be7 8.
e3 Bf5 9. Bd3 Bxd3 10. Qxd3 Nbd7 11. O-O O-O 12. Rab1 a5 13. Rfc1 Re8 14.
Bxf6 Nxf6 15. a3 Bd6 16. Qc2 Qe7 17. g3 Ng4 18. Kg2 f5 19. Ne2 Nxf2 0-1

[Event "TCh-CRO Gp1B"]
[Site "Sibenik CRO"]
[Date "2010.09.07"]
[Round "4"]
[White "Zelic,Ml"]
[Black "Franic,M"]
[Result "0-1"]
[WhiteElo "2291"]
[BlackElo "2382"]
[EventDate "2010.09.04"]

1. e4 c6 2. d4 d5 3. Nc3 g6 4. Nf3 Bg7 5. Be2 Nh6 6. O-O O-O 7. Bf4 f6 8.
Re1 Nf7 9. Bg3 e6 10. Bf1 Nd7 11. Qd3 Nb6 12. b3 Bd7 13. Rad1 Nc8 14. Na4
Ncd6 15. Nd2 b6 16. c4 dxe4 17. Nxe4 Nf5 18. Nac3 Bc8 19. Be2 Bb7 20. Bf3
Qd7 21. Re2 Rad8 22. Red2 Qe7 23. Qe2 Rd7 24. d5 cxd5 25. cxd5 e5 26. d6
Qd8 27. Nb5 Ba6 0-1

[Event "TCh-CRO Gp1B"]
[Site "Sibenik CRO"]
[Date "2010.09.07"]
[Round "4"]
[White "Doric,N"]
[Black "Bozanic,I"]
[Result "1/2-1/2"]
[WhiteElo "2325"]
[BlackElo "2249"]
[EventDate "2010.09.04"]

1. d4 Nf6 2. Nf3 c5 3. e3 e6 4. Bd3 b6 5. O-O Bb7 6. c4 Be7 7. Nc3 d6 8. d5
e5 9. Ng5 h6 10. Nge4 Nxe4 11. Nxe4 O-O 12. Ng3 Bc8 13. f4 exf4 14. exf4
Re8 15. Qh5 Nd7 16. Nf5 Bf8 17. b3 Nf6 18. Qh4 Bxf5 19. Bxf5 g6 20. Bd3 Bg7
21. Bb2 Ne4 1/2-1/2

[Event "TCh-CRO Gp1B"]
[Site "Sibenik CRO"]
[Date "2010.09.07"]
[Round "4"]
[White "Sunara,T"]
[Black "Antunovic,I"]
[Result "1-0"]
[WhiteElo "1979"]
[BlackElo "2153"]
[EventDate "2010.09.04"]

1. e4 d6 2. d4 Nf6 3. Bd3 e5 4. c3 Nc6 5. Ne2 Be7 6. d5 Nb8 7. O-O O-O 8.
f4 exf4 9. Bxf4 Nbd7 10. Nd2 Ne5 11. Nf3 Ng6 12. Qd2 c6 13. Kh1 Bg4 14. h3
Bxf3 15. Rxf3 Nh5 16. Bh2 Bg5 17. Qc2 Nh4 18. Rff1 Ng6 19. dxc6 bxc6 20. g4
Nf6 21. Nd4 h5 22. Rf5 Be3 23. Qe2 Bxd4 24. cxd4 hxg4 25. hxg4 Rb8 26. Raf1
Rb4 27. g5 Nh7 28. Bc4 d5 29. exd5 cxd5 30. Bxd5 Nh4 31. g6 Nxf5 32. Rxf5
Kh8 33. Bxf7 Rxd4 34. Rh5 Rh4 35. Rxh4 Qxh4 36. gxh7 Rc8 37. Bb3 Rc1+ 38.
Kg2 Re1 39. Qf3 Qg5+ 40. Bg3 Qd2+ 41. Bf2 Re2 42. Bf7 Qg5+ 43. Kf1 Qb5 1-0

[Event "TCh-CRO Gp1B"]
[Site "Sibenik CRO"]
[Date "2010.09.07"]
[Round "4"]
[White "Sax,G"]
[Black "Chatalbashev,B"]
[Result "1/2-1/2"]
[WhiteElo "2529"]
[BlackElo "2606"]
[EventDate "2010.09.04"]

1. e4 d5 2. exd5 Qxd5 3. Nc3 Qd6 4. d4 Nf6 5. h3 g6 6. Nf3 Bg7 7. Bc4 O-O
8. O-O a6 9. Re1 b5 10. Bd3 Bb7 11. Bg5 Nbd7 12. Ne4 Bxe4 13. Bxe4 Rad8 14.
c3 h6 15. Bh4 Nh5 16. Bxe7 Qxe7 17. Bxg6 Qxe1+ 18. Qxe1 fxg6 19. Qe6+ Kh7
20. Qxa6 Nf4 21. Re1 b4 22. Qc6 bxc3 23. bxc3 Nb6 24. c4 Rf7 25. a4 Rd6 26.
Qc5 Rf8 27. Qb5 Nxh3+ 28. gxh3 Rxf3 29. Re7 Rdf6 30. a5 Rxf2 31. axb6 Rf1+
32. Kg2 R1f2+ 33. Kg1 Rf1+ 1/2-1/2

[Event "TCh-CRO Gp1B"]
[Site "Sibenik CRO"]
[Date "2010.09.07"]
[Round "4"]
[White "Georgiev,Vl"]
[Black "Rezan,S"]
[Result "1-0"]
[WhiteElo "2573"]
[BlackElo "2428"]
[EventDate "2010.09.04"]

1. d4 Nf6 2. c4 g6 3. Nc3 Bg7 4. e4 d6 5. Bd3 O-O 6. Nge2 Nbd7 7. O-O c5 8.
d5 Ne5 9. Bg5 h6 10. Bxf6 exf6 11. Ng3 h5 12. Be2 h4 13. Nh1 f5 14. exf5
Bxf5 15. f4 Nd7 16. Nf2 Nf6 17. g4 hxg3 18. hxg3 Re8 19. Bf3 Re3 20. Kg2
Qd7 21. Qd2 Rae8 22. Rae1 Rxe1 23. Rxe1 Rxe1 24. Qxe1 Qe8 25. Qd2 Bd7 26.
g4 Qe7 27. Ne2 b6 28. Ng3 Nh7 29. b3 Kf8 30. g5 f5 31. gxf6 Nxf6 32. Qd3
Kf7 33. Be4 Nxe4 34. Nfxe4 Bh6 35. Qf3 Ke8 36. f5 gxf5 37. Nxf5 Bxf5 38.
Qxf5 Kd8 39. Kf3 Kc7 40. Qf6 Qxf6+ 41. Nxf6 b5 42. cxb5 Kb6 43. a4 c4 44.
bxc4 Kc5 45. a5 1-0

[Event "TCh-CRO Gp1B"]
[Site "Sibenik CRO"]
[Date "2010.09.07"]
[Round "4"]
[White "Rogulj,B"]
[Black "Mrdja,M"]
[Result "1/2-1/2"]
[WhiteElo "2412"]
[BlackElo "2393"]
[EventDate "2010.09.04"]

1. e4 e5 2. Nf3 Nc6 3. Bb5 a6 4. Ba4 Nf6 5. O-O Be7 6. Re1 b5 7. Bb3 d6 8.
c3 O-O 9. h3 Na5 10. Bc2 c5 11. d4 Qc7 12. Nbd2 Bd7 13. Nf1 Rac8 14. d5 Ne8
15. Ng3 g6 16. Bh6 Ng7 17. b3 Nb7 18. Nh2 f6 19. Qd2 Nd8 20. Rf1 Nf7 21.
Bxg7 Kxg7 22. f4 1/2-1/2

[Event "TCh-CRO Gp1B"]
[Site "Sibenik CRO"]
[Date "2010.09.07"]
[Round "4"]
[White "Jukic,Zd"]
[Black "Mestrovic,Z"]
[Result "0-1"]
[WhiteElo "2299"]
[BlackElo "2379"]
[EventDate "2010.09.04"]

1. e4 Nc6 2. d4 d6 3. c3 Nf6 4. f3 e5 5. Be3 d5 6. Bb5 dxe4 7. dxe5 Qxd1+
8. Kxd1 Nd5 9. Bd4 Bd7 10. fxe4 Nf4 11. g3 Ne6 12. Be3 O-O-O 13. Nf3 Nxe5
14. Bxd7+ Rxd7+ 15. Ke2 Nxf3 16. Kxf3 Bc5 17. Bxc5 Nxc5 18. Na3 Rd3+ 19.
Ke2 Re8 20. Rad1 Rxe4+ 21. Kf2 Re6 22. Nc2 Ne4+ 23. Kg2 Rxd1 24. Rxd1 Nxc3
25. Rd2 Ne4 26. Re2 c5 27. b4 b6 28. bxc5 bxc5 29. a3 Kc7 30. Re3 Kc6 31.
Rb3 Nd2 0-1

[Event "TCh-CRO Gp1B"]
[Site "Sibenik CRO"]
[Date "2010.09.07"]
[Round "4"]
[White "Paljusaj,E"]
[Black "Zovko,Mari"]
[Result "1-0"]
[WhiteElo "2309"]
[BlackElo "2213"]
[EventDate "2010.09.04"]

1. e4 c6 2. d4 d5 3. e5 Bf5 4. Nc3 Qb6 5. Nge2 e6 6. Ng3 Bg6 7. Be2 Ne7 8.
O-O Nd7 9. b3 a6 10. Na4 Qc7 11. c4 b5 12. Nc3 Nf5 13. Nxf5 Bxf5 14. g4 Bg6
15. f4 Bb4 16. Bd2 Bxc3 17. Bxc3 f6 18. cxb5 axb5 19. Bb4 Qb6 20. Qd2 f5
21. a4 bxa4 22. bxa4 Kf7 23. a5 Qa7 24. Rfc1 Rhc8 25. g5 h6 26. gxh6 gxh6
27. Qc3 Kg7 28. Kf2 Qc7 29. a6 Nf8 30. Rab1 Bf7 31. Bd6 Qd7 32. Rb7 Qe8 33.
Re7 1-0